Comentarios a la Ley del Impuesto sobre Sociedades : (Ley 43/1995, de 27 de diciembre, BOE de 28 diciembre) / Felipe Alonso Murillo ... [et al.] (Ley 43/1995, de 27 de diciembre, BOE de 28 diciembre) / Felipe Alonso Murillo ... [et al.]
ISBN:
84-481-0380-7
Descripción Física:
448 p. ; 24 cm
Colección:
Ciencias jurídicas. Elementos. Fiscalidad
Otros Autores:
Alonso Murillo, Felipe
MARC
| LEADER | 00000nam a2200000Ia 4500 | ||
|---|---|---|---|
| 001 | 21382 | ||
| 008 | 160829s1996 xx 000 0 cat d | ||
| 020 | |a 84-481-0380-7 | ||
| 080 | |a D-4-32 | ||
| 110 | 1 | |a Espanya. |t Ley 43/1995, de 27 de diciembre, del impuesto sobre sociedades |9 53852 | |
| 245 | |a Comentarios a la Ley del Impuesto sobre Sociedades : |b (Ley 43/1995, de 27 de diciembre, BOE de 28 diciembre) / Felipe Alonso Murillo ... [et al.] | ||
| 260 | |a Madrid [etc.] : |b McGraw-Hill, |c 1996 | ||
| 300 | |a 448 p. ; |c 24 cm | ||
| 490 | |a Ciencias jurídicas. Elementos. Fiscalidad | ||
| 610 | 1 | 0 | |a Espanya. |t Ley 43/1995, de 27 de diciembre, del impuesto sobre sociedades |9 53852 |
| 650 | 0 | |a Societats |x Impostos |z Espanya |x Dret i legislació |9 23262 | |
| 700 | |a Alonso Murillo, Felipe |9 44414 | ||
| 901 | |a Arxiu | ||
| 942 | |n 1 | ||
| 952 | |0 1 |1 0 |2 udc |4 0 |5 2 |6 D432 |7 1 |9 51938 |a Arxiu |b Arxiu |d 2016-12-01 |l 0 |o D-4-32 |p 21382 |r 2016-12-01 00:00:00 |w 2016-12-01 |y ARXIU | ||
| 999 | |c 55785 |d 55785 | ||